[Event "POL-ch U10"]
[Site "Szczyrk"]
[Date "2013.03.07"]
[Round "4"]
[White "Kopaczewski, Adam"]
[Black "Bujalski, Mateusz"]
[Result "1-0"]
[WhiteElo "1522"]
[BlackElo "1328"]
[PlyCount "120"]
[EventDate "2013.03.04"]
[EventType "swiss"]
[EventRounds "9"]
[EventCountry "POL"]
[SourceTitle "EXT 2023"]
[Source "ChessBase"]
[SourceDate "2022.10.05"]
[SourceVersion "1"]
[SourceVersionDate "2022.10.05"]
[SourceQuality "1"]

1. e4 c5 2. Nf3 Nc6 3. d4 cxd4 4. Nxd4 Nf6 5. Nc3 e6 6. Bg5 Bb4 7. Nxc6 bxc6 8. Bd3 e5 9. 0-0 0-0 10. Kh1 h6 11. Bh4 d5 12. f4 Re8 13. fxe5 Rxe5 14. Bxf6 gxf6 15. Qf3 Kg7 16. Ne2 d4 17. Rad1 c5 18. Nf4 Be6 19. Nh5+ Kg6 20. Nxf6 c4 21. Be2 Be7 22. Ng4 Rg5 23. Ne3 Rc8 24. Nf5 Bxf5 25. exf5+ Kh7 26. f6 Bb4 27. Qe4+ Kh8 28. Rxd4 Qe8 29. Qxe8+ Rxe8 30. Bxc4 Rf8 31. Bxf7 Rxf7 32. Rxb4 Rc5 33. c3 Rc6 34. Rbf4 Rb6 35. b3 Rc6 36. c4 Ra6 37. R4f2 Kh7 38. g3 Kg6 39. Kg2 h5 40. h3 Rb6 41. c5 Rc6 42. Rc2 Rfxf6 43. Rxf6+ Kxf6 44. b4 a6 45. a3 Ke5 46. Kf3 Rf6+ 47. Kg2 Kd5 48. c6 Rxc6 49. Rxc6 Kxc6 50. g4 hxg4 51. hxg4 Kb5 52. g5 Ka4 53. g6 Kxa3 54. g7 Kxb4 55. g8Q a5 56. Qa2 a4 57. Kf3 Kb5 58. Qa3 Ka5 59. Ke4 Kb5 60. Kd5 Ka5 1-0

[Event "POL-ch U10"]
[Site "Szczyrk"]
[Date "2013.03.04"]
[Round "6"]
[White "Musiala, Jakub"]
[Black "Bujalski, Mateusz"]
[Result "1/2-1/2"]
[WhiteElo "1303"]
[BlackElo "1328"]
[PlyCount "161"]
[EventDate "2013.03.04"]
[EventType "swiss"]
[EventRounds "9"]
[EventCountry "POL"]
[SourceTitle "EXT 2023"]
[Source "ChessBase"]
[SourceDate "2022.10.05"]
[SourceVersion "1"]
[SourceVersionDate "2022.10.05"]
[SourceQuality "1"]

1. e4 c5 2. Nc3 Nc6 3. Bb5 a6 4. Bxc6 bxc6 5. f4 d5 6. d3 Nf6 7. e5 Bg4 8. Qd2 Nd7 9. h3 Be6 10. g4 d4 11. Ne4 Bd5 12. Qe2 g6 13. Nf3 Bg7 14. Bd2 Rb8 15. b3 h6 16. h4 Be6 17. Rg1 Kf8 18. Rh1 Ke8 19. Rg1 Kf8 20. g5 h5 21. Rg3 a5 22. a4 Bf5 23. Rb1 Qc7 24. Kf1 Rg8 25. Ra1 Bh8 26. Rb1 Kg7 27. Rc1 Bg4 28. Qf2 Rb7 29. Rb1 Rgb8 30. Qe1 Ra8 31. Kg1 Be6 32. Ra1 Qb6 33. Kh2 Kg8 34. Ra3 Bd5 35. Qe2 Nf8 36. Ra1 Be6 37. Qe1 Bf5 38. Qe2 Ne6 39. Qe1 Nc7 40. Qe2 Nd5 41. Qe1 Nb4 42. Bxb4 cxb4 43. Nfd2 c5 44. Nc4 Qc6 45. Rd1 Be6 46. Ned2 Ra6 47. Qf2 Bg4 48. Re1 Rc7 49. Rf1 Be6 50. Qe2 Qd7 51. Qf2 Bg7 52. Re1 Bd5 53. Ne4 Be6 54. Rf1 Qc6 55. Re1 Rc8 56. Qd2 Kh7 57. Qf2 Rc7 58. Qd2 Bxc4 59. dxc4 Qe6 60. Qf2 Qf5 61. Rd3 Re6 62. Qg3 Kh8 63. Kg2 Rcc6 64. Qf3 Rc7 65. Ng3 Qg4 66. Qxg4 hxg4 67. Ne4 f5 68. gxf6 exf6 69. Nf2 f5 70. Kg3 Bf8 71. Rh1 Rh7 72. Rh2 Be7 73. Rd1 Rh5 74. Nd3 Bf8 75. Rdh1 Be7 76. Ne1 Bf8 77. Nd3 Be7 78. Ne1 Bf8 79. Nd3 Be7 80. Ne1 Bd8 81. Nd3 1/2-1/2